Paketirovanije stalnogo loma

Uložené v:
Podrobná bibliografia
Hlavný autor: CUKMASOV, S.F (Author)
Médium: Kniha
Jazyk:Russian
Vydané: 1967
Tagy: Pridať tag
Žiadne tagy, Buďte prvý kto otaguje tento záznam!

MARC

LEADER 00000nam a2200000 a 4500
001 000140310
005 00000000000000.0
008 040101s1967 e ruso
041 0 |a rus 
100 1 |a CUKMASOV, S.F.  |4 aut 
245 1 0 |a Paketirovanije stalnogo loma 
260 |c 1967 
500 |a Záznam neprešiel kontrolou 
910 |a svkkk 
998 |a BK 
090 |g SCKHL  |k Sklad Pribinova 2. posch.  |a II0.11323  |i 140310-10  |s Absenčne